| 000 | 00911nam a2200277Ia 4500 | ||
|---|---|---|---|
| 001 | Z_4909 | ||
| 003 | CHAP | ||
| 008 | 220113s2003 xx 000 0 und d | ||
| 010 | _a167964 | ||
| 040 | _cCHAP | ||
| 090 | _aTesis T 1751 | ||
| 100 |
_aTrinidad Esteban, Evaristo _9115157 |
||
| 245 |
_aFluctuación estacional de la mosca del cuerno (Haematobia irritans) en un sistema de producción de leche orgánica / _cpor Evaristo Trinidad Esteban y Leonardo Rafael González Hernández |
||
| 260 |
_aChapingo, Méx. : _bEl autor, _c2003 |
||
| 300 | _a45 h. | ||
| 502 | _aTesis (Ing. Agr. Esp. en Zootecnia) -- UACH. Departamento de Zootecnia | ||
| 650 |
_aGanado vacuno _xPlagas _945505 |
||
| 650 |
_aHaematobia irritans _952201 |
||
| 700 |
_aGonzález Hernández, Leonardo Rafael _9142194 |
||
| 901 | _aTESIS T 1751 | ||
| 902 | _aM | ||
| 910 | _a2003 | ||
| 942 | _c2 | ||
| 942 | _c2 | ||
| 999 |
_c167964 _d167964 |
||